00541cam a22002057a 4500003000500000005001700005008004100022010001000063011001000073035001000083040000900093100002200102245009100124260002800215300000900243490002200252650001700274650002200291830002200313CHAP20220329134254.0971013s r 00010 spa d a17940 a18912 a22997 cCHAP00aJuarroz, Roberto.14aLas bibliotecas y su relación con el mercado del libro y la difusión de la lectura a(s.l. :bs.e.),c(s.a.) a17 h 0aConferenciav; 1814aBibliotecas.14aLibrosxMercadeo.0 aConferenciav; 18